Harry's house / (Record no. 2507)

MARC details
000 -LEADER
fixed length control field 00813nam a22002297a 4500
005 - DATE AND TIME OF LATEST TRANSACTION
control field 20250815123342.0
020 ## - INTERNATIONAL STANDARD BOOK NUMBER
International Standard Book Number 9780590275576
040 ## - CATALOGING SOURCE
Original cataloging agency TEFMT
Language of cataloging eng
Description conventions rda
Transcribing agency TEFMT
Modifying agency TEF
-- OCLCQ
-- OCLCO
-- JTD
-- JQM
-- JRI
-- ORX
-- UOK
-- APL
-- OCLCF
-- YEQ
-- KYC
-- COO
-- CPP
-- DLC
050 00 - LIBRARY OF CONGRESS CALL NUMBER
Classification number PZ7.M51274
082 04 - DEWEY DECIMAL CLASSIFICATION NUMBER
Classification number 808.068
100 1# - MAIN ENTRY--PERSONAL NAME
Personal name Sheff Medearis, Angela
Dates associated with a name 1994-
245 10 - TITLE STATEMENT
Title Harry's house /
Statement of responsibility, etc. Written by Angela Shelf Medearis ; Illustrated by Susan Keeter
260 ## - PUBLICATION, DISTRIBUTION, ETC.
Place of publication, distribution, etc. New York :
Name of publisher, distributor, etc. Scholastic,
Date of publication, distribution, etc. 1994
300 ## - PHYSICAL DESCRIPTION
Extent 16 unnumbered pages :
Other physical details color illustrations ;
Dimensions 20 cm
505 ## - FORMATTED CONTENTS NOTE
Formatted contents note F <br/>
520 ## - SUMMARY, ETC.
Summary, etc. A girl and her mother build a doghouse for their dog named Harry.
521 ## - TARGET AUDIENCE NOTE
Target audience note 310 <br/>
Source Lexile <br/>
521 ## - TARGET AUDIENCE NOTE
Target audience note F <br/>
Source Raz-Plus <br/>
906 ## - LOCAL DATA ELEMENT F, LDF (RLIN)
a 7
b cbc
c copycat
d 2
e ncip
f 20
g y-soundrec
942 ## - ADDED ENTRY ELEMENTS (KOHA)
Source of classification or shelving scheme Dewey Decimal Classification
Koha item type Books
Suppress in OPAC No
999 ## -
-- 2507
-- 2507
Holdings
Withdrawn status Lost status Source of classification or shelving scheme Damaged status Not for loan Collection Home library Current library Shelving location Date acquired Total Checkouts Full call number Barcode Date last seen Price effective from Koha item type Copy number
    Dewey Decimal Classification     Juvenile Fiction Footprints International School Library Network Toul Tom Poung Campus Footprints International School Library Network Toul Tom Poung Campus TTP Primary Green Bookshelves 12/13/2023   MED 808.068 PZ7.M51274 FISTK02504 12/13/2023 12/13/2023 Books  
    Dewey Decimal Classification     Juvenile Fiction Footprints International School Library Network Toul Tom Poung Campus Footprints International School Library Network Toul Tom Poung Campus TTP Primary Green Bookshelves 05/07/2025   MED 808.068 PZ7.M51274 2025-1184 05/07/2025 05/07/2025 Books 2
    Dewey Decimal Classification     Juvenile Fiction Footprints International School Library Network Toul Tom Poung Campus Footprints International School Library Network Toul Tom Poung Campus TTP Primary Green Bookshelves 08/15/2025   MED 808.068 PZ7.M51274 FISBK05428 08/15/2025 08/15/2025 Books 3